Eastern Utah Libraries Catalog: Duchesne, Heber, Roosevelt, & Vernal

Fleabag. Season 2 / (Record no. 355431)

MARC details
000 -LEADER
fixed length control field 04005cgm a2200841 i 4500
001 - CONTROL NUMBER
control field on1183870822
003 - CONTROL NUMBER IDENTIFIER
control field OCoLC
005 - DATE AND TIME OF LATEST TRANSACTION
control field 20251218103636.0
007 - PHYSICAL DESCRIPTION FIXED FIELD--GENERAL INFORMATION
fixed length control field vd cvaizs
008 - FIXED-LENGTH DATA ELEMENTS--GENERAL INFORMATION
fixed length control field 200701p20202019nyu157 e vleng d
024 1# - OTHER STANDARD IDENTIFIER
Standard number or code 814838016276
028 42 - PUBLISHER NUMBER
Publisher number SM801623
Source Screen Media
035 ## - SYSTEM CONTROL NUMBER
System control number (OCoLC)1183870822
040 ## - CATALOGING SOURCE
Original cataloging agency MLSOD
Language of cataloging eng
Description conventions rda
Transcribing agency MLSOD
Modifying agency TEF
-- OCLCF
-- GK8
-- IKG
-- INO
-- WACOL
041 0# - LANGUAGE CODE
Language code of text/sound track or separate title eng
Language code of original and/or intermediate translations of text eng
043 ## - GEOGRAPHIC AREA CODE
Geographic area code e-uk-en
049 ## - LOCAL HOLDINGS (OCLC)
Holding library WACL
050 #4 - LIBRARY OF CONGRESS CALL NUMBER
Classification number PN1992.77
Item number .F54 2020
082 04 - DEWEY DECIMAL CLASSIFICATION NUMBER
Classification number 791.45/75
Edition number 23
092 ## - LOCALLY ASSIGNED DEWEY CALL NUMBER (OCLC)
Classification number DVD
Item number Fle
130 0# - MAIN ENTRY--UNIFORM TITLE
Uniform title Fleabag (Television program).
Number of part/section of a work Season 2.
9 (RLIN) 6384293
245 10 - TITLE STATEMENT
Title Fleabag. Season 2 /
246 3# - VARYING FORM OF TITLE
Title proper/short title Fleabag.
Number of part/section of a work Season two
257 ## - COUNTRY OF PRODUCING ENTITY FOR ARCHIVAL FILMS
Country of producing entity Great Britain
264 #1 - Production, Publication, Distribution, Manufacture, and Copyright Notice.
Place of production, publication, distribution, manufacture [New York] :
Name of producer, publisher, distributor, manufacturer Screen Media, Amazon Studios presents ; in association with BBC ; created by Phoebe Waller-Bridge ; written by Phoebe Waller-Bridge ; directed by Harry Bradbeer, Tim Kirkby ; produced by Sarah Hammond.
Date of production, publication, distribution, manufacture, or copyr [2020]
300 ## - PHYSICAL DESCRIPTION
Extent 1 videodisc (157 min.) :
Other physical details sound, color ;
Dimensions 4 3/4 inches.
336 ## - Content Type
Content type term two-dimensional moving image
337 ## - Media type
Media type term video
338 ## - Carrier type
Carrier type term videodisc
500 ## - GENERAL NOTE
General note Originally broadcast as single episodes of a television program in 2019.
500 ## - GENERAL NOTE
General note Wide screen.
511 1# - PARTICIPANT OR PERFORMER NOTE
Participant or performer note Phoebe Waller-Bridge, Sian Clifford, Olivia Coleman, Bill Paterson, Brett Gelman, Hugh Skinner, Hugh Dennis, Ben Aldridge, Jo Martin, Jenny Rainsford, Andrew Scott, Fiona Shaw, Kristin Scott Thomas, Ray Fearon.
520 ## - SUMMARY, ETC.
Summary, etc It is a hilarious and poignant window into the mind of a dry-witted, sexual, angry, grief-riddled woman, as she hurls herself at modern living in London. This time around, she's coping with her father's upcoming nuptuals, and her attraction to the hot priest they've chosen to officiate, while the brother-in-law escalates everything around him.
521 8# - TARGET AUDIENCE NOTE
Target audience note Rating: TV-MA.
521 ## - TARGET AUDIENCE NOTE
Target audience note DVD
Source Baker & Taylor
538 ## - SYSTEM DETAILS NOTE
System details note DVD, NTSC; 2.0 stereo, 2.40 anamorphic (widescreen), region 1.
546 ## - LANGUAGE NOTE
Language note Closed-captioned.
650 #0 - SUBJECT ADDED ENTRY--TOPICAL TERM
Topical term or geographic name as entry element Young women
Geographic subdivision England
-- London
Form subdivision Drama.
9 (RLIN) 6370181
650 #0 - SUBJECT ADDED ENTRY--TOPICAL TERM
Topical term or geographic name as entry element Women
Geographic subdivision England
-- London
Form subdivision Drama.
9 (RLIN) 6384294
650 #0 - SUBJECT ADDED ENTRY--TOPICAL TERM
Topical term or geographic name as entry element Interpersonal relations
Form subdivision Drama.
9 (RLIN) 5731317
650 #7 - SUBJECT ADDED ENTRY--TOPICAL TERM
Topical term or geographic name as entry element Interpersonal relations.
Source of heading or term fast
9 (RLIN) 6384295
650 #7 - SUBJECT ADDED ENTRY--TOPICAL TERM
Topical term or geographic name as entry element Women.
Source of heading or term fast
9 (RLIN) 6384296
650 #7 - SUBJECT ADDED ENTRY--TOPICAL TERM
Topical term or geographic name as entry element Young women.
Source of heading or term fast
9 (RLIN) 6384297
651 #0 - SUBJECT ADDED ENTRY--GEOGRAPHIC NAME
Geographic name London (England)
Form subdivision Drama.
9 (RLIN) 5703301
651 #7 - SUBJECT ADDED ENTRY--GEOGRAPHIC NAME
Geographic name England
Geographic subdivision London.
Source of heading or term fast
9 (RLIN) 5697968
655 #7 - INDEX TERM--GENRE/FORM
Genre/form data or focus term Drama.
Source of term fast
9 (RLIN) 6384298
655 #7 - INDEX TERM--GENRE/FORM
Genre/form data or focus term Television comedies.
Source of term fast
9 (RLIN) 6384299
655 #7 - INDEX TERM--GENRE/FORM
Genre/form data or focus term Television comedies.
Source of term lcgft
9 (RLIN) 6384299
655 #7 - INDEX TERM--GENRE/FORM
Genre/form data or focus term Television series.
Source of term lcgft
9 (RLIN) 6384300
655 #7 - INDEX TERM--GENRE/FORM
Genre/form data or focus term Fiction television programs.
Source of term lcgft
9 (RLIN) 5673656
655 #7 - INDEX TERM--GENRE/FORM
Genre/form data or focus term Video recordings for the hearing impaired.
Source of term lcgft
9 (RLIN) 6384301
700 1# - ADDED ENTRY--PERSONAL NAME
Personal name Waller-Bridge, Phoebe,
Dates associated with a name 1985-
Relator term actor,
-- screenwriter,
-- creator.
9 (RLIN) 6356396
700 1# - ADDED ENTRY--PERSONAL NAME
Personal name Bradbeer, Harry,
Relator term television director.
9 (RLIN) 5976102
700 1# - ADDED ENTRY--PERSONAL NAME
Personal name Kirkby, Tim,
Relator term television director.
9 (RLIN) 6370190
700 1# - ADDED ENTRY--PERSONAL NAME
Personal name Hammond, Sarah
Titles and other words associated with a name (Television producer),
Relator term television producer.
9 (RLIN) 6384302
700 1# - ADDED ENTRY--PERSONAL NAME
Personal name Clifford, Sian,
Relator term actor.
9 (RLIN) 6370192
700 1# - ADDED ENTRY--PERSONAL NAME
Personal name Colman, Olivia,
Relator term actor.
9 (RLIN) 5768188
700 1# - ADDED ENTRY--PERSONAL NAME
Personal name Paterson, Bill,
Dates associated with a name 1945-
Relator term actor.
9 (RLIN) 59022
700 1# - ADDED ENTRY--PERSONAL NAME
Personal name Gelman, Brett,
Dates associated with a name 1976-
Relator term actor.
9 (RLIN) 6370193
700 1# - ADDED ENTRY--PERSONAL NAME
Personal name Skinner, Hugh,
Dates associated with a name 1985-
Relator term actor.
9 (RLIN) 6370194
700 1# - ADDED ENTRY--PERSONAL NAME
Personal name Dennis, Hugh,
Dates associated with a name 1962-
Relator term actor.
9 (RLIN) 6370195
700 1# - ADDED ENTRY--PERSONAL NAME
Personal name Aldridge, Ben,
Relator term actor.
9 (RLIN) 6366096
700 1# - ADDED ENTRY--PERSONAL NAME
Personal name Martin, Jo
Titles and other words associated with a name (Actor),
Relator term actor.
9 (RLIN) 6384303
700 1# - ADDED ENTRY--PERSONAL NAME
Personal name Rainsford, Jenny,
Relator term actor.
9 (RLIN) 6370197
700 1# - ADDED ENTRY--PERSONAL NAME
Personal name Scott, Andrew,
Dates associated with a name 1976 October 21-
Relator term actor.
9 (RLIN) 5906344
700 1# - ADDED ENTRY--PERSONAL NAME
Personal name Shaw, Fiona,
Dates associated with a name 1958-
Relator term actor.
9 (RLIN) 47786
700 1# - ADDED ENTRY--PERSONAL NAME
Personal name Scott-Thomas, Kristin,
Dates associated with a name 1960-
Relator term actor.
9 (RLIN) 59640
700 1# - ADDED ENTRY--PERSONAL NAME
Personal name Fearon, Ray,
Relator term actor.
9 (RLIN) 5767151
710 2# - ADDED ENTRY--CORPORATE NAME
Corporate name or jurisdiction name as entry element Amazon Studios,
Relator term presenter.
9 (RLIN) 5809313
710 2# - ADDED ENTRY--CORPORATE NAME
Corporate name or jurisdiction name as entry element British Broadcasting Corporation,
Relator term production company.
9 (RLIN) 8652
710 2# - ADDED ENTRY--CORPORATE NAME
Corporate name or jurisdiction name as entry element Screen Media Films (Firm),
Relator term publisher.
9 (RLIN) 71001
942 ## - ADDED ENTRY ELEMENTS (KOHA)
Source of classification or shelving scheme Dewey Decimal Classification
Koha item type DVD Series
Holdings
Withdrawn status Lost status Source of classification or shelving scheme Damaged status Not for loan Collection code Home library Current library Shelving location Date acquired Source of acquisition Serial Enumeration / chronology Total Checkouts Total Renewals Full call number Barcode Date last seen Date checked out Cost, replacement price Price effective from Koha item type
    Dewey Decimal Classification     Television Series Wasatch County Library Wasatch County Library Audio Visual Area 11/06/2020 Baker & Taylor Season 2 4 4 TV Series Fleabag #2 34301001701814 03/06/2026 03/03/2026 29.98 11/06/2020 DVD Series
This project was made possible through a grant from the Institute of Museum and Library Service administered by the Utah State Library Division.

Wasatch County Library

  • 465 East 1200 South, Heber City, Utah 84032
  • Phone 435-654-1511 | Fax 435-654-6456

Hours

  • Monday - Friday 9:30 AM - 8:00 PM
  • Saturday 9:30 AM - 1:30 PM
  • Closed Sundays and Holidays